Les pays d'Asie les plus méridionaux - Statistiques

Statistiques générales
  • Ce quiz a été pris 13 326 fois
  • Le résultat moyen est 8 sur 10
Statistiques - réponses
Latitude Pays % Correct
11°00'S Indonésie
96%
06°44'N Inde
93%
00°51'N Malaisie
90%
05°55'N Sri Lanka
87%
05°37'N Thaïlande
87%
04°35'N Philippines
84%
01°09'N Singapour
84%
09°30'S Timor oriental
77%
04°00'N Brunei
76%
00°42'S Maldives
71%
Aucun quiz correspondant
Distribution des résultats
% des personnes avec chaque résultat
Percentile par nombre de réponses
Votre historique - résultats
Vous n’avez pas pris ce quiz